000 01163cam a22002651i 4500
003 SA-RiAUC
005 20250120145024.0
008 250120s1962 su g 00000 ara c
040 _aSA-JeALM
_bara
_cSA-RiAUC
_erda
043 _aa-su---
050 4 _bS53 1961
082 0 4 _a953.121
090 _a953.121
_b س ب ا
100 1 _aالسباعي، أحمد،
_d1323-1404 هجري
_eمؤلف.
245 1 0 _aتاريخ مكة /
_bدراسات في السياسة والعلم والاجتماع والعمران
_cأحمد السباعي.
264 1 _aالرياض :
_bالامانة العامة للإحتفال بمرور مائة عام على تأسيس المملكة العربية السعودية،
_c1999
300 _aمجلد ؛
_c24 سم
336 _aنص
_btxt
_2rdacontent
_3كتاب
337 _aبدون وسيط
_bn
_2rdamedia
338 _aمجلد
_bnc
_2rdacarrier
500 _aملاحظات من الشيخ الدكتور عبدالوهاب سليمان رحمه الله بداخل الكتاب
651 7 _aمكة المكرمة
_xتاريخ
_2aucsh
942 _2ddc
_cBOOK
_n0
949 _aSA-JeALM
_d250120
_uosman123
_n1
999 _c5028
_d5028